| 000 | 00846nam a22003377a 4500 | ||
|---|---|---|---|
| 001 | BR0500039 | ||
| 003 | BR-BrBNA | ||
| 005 | 20230928101814.0 | ||
| 007 | ta | ||
| 008 | 230509b bl.||||| |||| 00| 0 por d | ||
| 040 |
_aBR-BrBNA _bpor _cBiblioteca Nacional de Agricultura |
||
| 041 | _a(Por) | ||
| 072 |
_aB50 _b0336 |
||
| 090 | _ 0336 BR0500039 | ||
| 100 | 1 | _aRotta, E. | |
| 100 | 1 | _aVettorato, H.K. | |
| 100 | 1 | _aReinehr, M.A. | |
| 100 | 1 | _aChristensen, T.N. de S. | |
| 100 | 1 | _aTrommenschlagere, A.M.Z. | |
| 100 | 1 | _aSchardong, N.M.Z. | |
| 245 | 1 | _aFENASOJA; resgate histórico | |
| 250 | 1 | _a2. ed. | |
| 260 | 3 |
_aIjuí, RS (Brasil): _c2002. |
|
| 300 | _a160 p. | ||
| 500 | _a92 illus. | ||
| 650 | _aSOJA | ||
| 650 | _aHISTÓRIA | ||
| 650 | _aRIO GRANDE DO SUL | ||
| 909 |
_a202309 _bLucia _c55 _dLucia Elande |
||
| 942 | _cBK | ||
| 999 |
_c67673 _d67673 |
||